000 00316nam a22001217a 4500
999 _c1776
_d1776
008 200203b ||||| |||| 00| 0 eng d
100 _91387
_aSrekanth, R. A. (Ed.)
245 1 0 _aCar and driving, Calcutta 96-97
260 _aCalcutta
_bRupa Publication
_cc
300 _ax
650 0 _aAutomobiles Motors
942 _cBK